| 000 | 00889nam a2200289 i 4500 | ||
|---|---|---|---|
| 001 | 15212 | ||
| 003 | ES-MaACL | ||
| 005 | 20251205125521.0 | ||
| 007 | t| | ||
| 008 | 000119s1999 sp f |||| |dspa d | ||
| 020 | _a84-306-0364-6 | ||
| 080 | _a929(4)"15/16":32 | ||
| 080 | _a940.21/.25 | ||
| 245 | 0 | 3 |
_aEl mundo de los validos / _cbajo la dirección de John Elliot y Laurence Brockliss. |
| 260 |
_aMadrid : _bTaurus, _c[1999] |
||
| 300 |
_a463 p., [48] p. de lám. ; _c25 cm. |
||
| 490 | 1 | _aPensamiento | |
| 500 | _aÍndices. | ||
| 650 | 4 |
_aPolíticos- _zEuropa- _vHistoria. _9163472 |
|
| 651 | 4 |
_aEuropa- _xHistoria- _y1517-1648. _9148148 |
|
| 651 | 4 |
_aEuropa- _xHistoria- _y1648-1715. _9149070 |
|
| 700 | 1 |
_aElliott, J. H., _d1930- _947042 |
|
| 700 | 1 |
_aBrockliss, Laurence. _931842 |
|
| 830 | 0 |
_aPensamiento _9178722 |
|
| 852 |
_aES-MaACL _jL-22382 |
||
| 999 |
_c15212 _d15212 |
||